000 00628nam a2200241Ia 4500
003 OSt
005 20221006144919.0
006 a|||||r|||| 00| 0
007 ta
008 221006b |||||||| |||| 00| 0 eng d
024 _a13,166
037 _cTextual
040 _aEASL
_cEASL
_beng
041 _2eng
_aeng
082 _aV41:73.N3, K5
100 _aCOOLE Athur Braddan
_9653124
245 0 _aCoins in Chinas history
260 _aPeking
_bFormer associate
_c1965
300 _a404p.
_ccm.
490 _v RS
942 _hV41:73.N3, K5
_cTEXL
_2CC
999 _c1081252
_d1081252